Регионална библиотека "Любен Каравелов" - Русе

Принципът на несмяняемост на съдиите в българското законодателство 1878-1944 (Запис номер 82072)

MARC детайли
000 -Лидер
Контролно поле с фиксирана дължина 02069nam a2200373 c 4500
003 - Код на организацията, давaща контролен номер
Контролно поле BLK
005 - Дата и час на последна редакция
Контролно поле 20180420224640.0
008 - Елементи от данни с фиксирана дължина
fixed length control field 180408b bul|||||r ||||||| ||bul||
010 ## - Наследен системен номер
LC control number KNG00086592000
020 ## - Международен стандартен номер на книга ISBN
Международен стандартен номер на книга ISBN 978-954-712-398-4
-- издат.: Русенски унив. Ангел Кънчев
040 ## - Източник на каталожния запис
Идентификатор на билиотеката - собственик на записа BLK
041 ## - Код за език
Код за езика на текст/звукозапис или на отделно заглавие Български
Код за езика КДБФ Български
080 ## - УДК
Текстов определител УДК Съдоустройство. Организация на съдилищата - съдебен език, компетенция на съдилищата, видове съдълища:Конституционен, върховен, апелационен, касационен, от първа и втора инстанция, окръжен, гр
УДК код - определител по УДК 347.97/.99
УДК определител (497.2)(091)
УДК - код + определител 347.97/.99(497.2)(091)
080 ## - УДК
Текстов определител УДК Съдебни лица, юристи, съдебни изпълнители(лица, действащи в гражданско съдопроизводство)-Нотариуси, съдии, прокуратура, прокурори, пълномощници, адвокати и др.
УДК код - определител по УДК 347.96
УДК определител (497.2)(091)
УДК - код + определител 347.96(497.2)(091)
100 1# - Редна дума - Автор
Автор Йочев, Евгени Благоев
Авторска отговорност първи автор
R(LIN) 295877
139 ## - Редно поле
Редна дума Йочев, Евгени Благоев
Авторски знак Иот - И 85
245 10 - Сведения за заглавието
Заглавие Принципът на несмяняемост на съдиите в българското законодателство 1878-1944
Редно поле (дума) Евгени Благоев Йочев.
257 ## - Страна на издаване
Страна на създаване/издаване България
260 ## - Област на издателските данни
-- Русе
Име на издателя, разпространителя и проч. Русенски унив. Ангел Кънчев
Година на издаване 2007
300 ## - Физическа характеристика
Страници 334 с.
Размери/Мащаб 20 см
380 ## - Жанр
Жанр Обществени науки
590 ## - Забележки на библиотеката, притежаваща документа (RLIN)
Служебно ф
650 #4 - Допълнително описание по предмет – тема
Основно описание – тема или топоним Съд и съдоустройство - България
9 (RLIN) 273511
650 #4 - Допълнително описание по предмет – тема
Основно описание – тема или топоним Прависти, български
9 (RLIN) 275976
650 #4 - Допълнително описание по предмет – тема
Основно описание – тема или топоним България - право и правосъдие
9 (RLIN) 242780
653 ## - Ключова дума – ненормативна
Ключова дума съдии
653 ## - Ключова дума – ненормативна
Ключова дума съдебна власт
653 ## - Ключова дума – ненормативна
Ключова дума история
852 ## - Местоположение
Форматна сигнатура Цб 241989
856 4# - Електронен адрес и достъп
Електронен формат pdf - файл
Път до файла /url/
856 4# - Електронен адрес и достъп
Електронен формат pdf - файл
Път до файла /url/
942 ## - АРТИКУЛИ
Вид на библиотечния материал Книги
Скрит в OPAC Не
944 ## - СЪЗДАВАНЕ И РЕДАКЦИЯ на ЗАПИСА
Създаване/Редакция Създаване
Дата на регистрацията/редакция 19.11.2008
Служител, извършил регистрацията/редакцията Геновева_Генчева
944 ## - СЪЗДАВАНЕ И РЕДАКЦИЯ на ЗАПИСА
Създаване/Редакция Редакция
Дата на регистрацията/редакция 24.11.2008
Служител, извършил регистрацията/редакцията
999 ## - СИСТЕМНИ КОНТРОЛНИ НОМЕРА
Koha biblionumber 82072
Koha biblioitemnumber 82072
Наличности
Код за отписване Код за изгубен артикул Код за повреда Коз за рестрикции Код за отдаване Артикулен № Име на библиотеката - собственик Име на библиотеката, в която се намира в момента Статус (Текущо местоположение) Дата на вписване в системата Местоположение - отдел Цена в лева Инвентарен номер Систематично азбучна сигнатура Баркод Номер на екземпляра Цена в евро Служебна бележка Служебен тип на артикула
  Не е изгубен Не е повреден без рестрикции ползва се в читалня 133191 Регионална библиотека "Любен Каравелов" Русе Регионална библиотека "Любен Каравелов" Русе Хранилище 2008-11-19 Основен фонд - ползва се само за читалня 12.40 120000731647 Цб 241989 120000731647 1 6.34 Дост: Pk Вид: Ф N: 374 Дата: 06.11.2008 Книги
Изтеглен Не е изгубен Не е повреден без рестрикции заемане за дома 133192 Регионална библиотека "Любен Каравелов" Русе Регионална библиотека "Любен Каравелов" Русе Заемна - подръчен фонд 2008-11-19 Заемна - подръчен фонд 12.40 120000731648 П 347/И 85 120000731648 2 6.34 Дост: Pk Вид: Ф N: 374 Дата: 06.11.2008 Дата инв: 05.02.2018 Бележки инв: П2018 Книги
Vip Innovations Ltd, Rousse, Bulgaria 2025